000 01450nam0a2200373 4500
001 RU\NLR\bibl\71778
005 20260409080719.0
010 _a5-8289-0014-5
_910000
021 _aRU
_b1999-42162
_92072
035 _a(NLR Aleph) 001340835
090 _a859722
_c859722
100 _a20000223d1999 |||y0rusy50 ca
101 1 _arus
_aara
_cara
102 _aRU
105 _ay |||||||||
200 1 _aСвященный Коран
_eСмысловой пер. 28-й, 29-й и 30-й ч. с коммент. Абдуррахмана Саади
_fПер. с араб. Кулиева Эльмира
205 _a1-е изд.
210 _aМ.
_cБадр
_d1999
215 _a[1],350 с.
_d21
300 _aТекст на рус. и араб. яз.
500 _aКоран
_92631165
_3RU\NLR\auth\559118
605 _aКоран
_xКомментарии
_91554436
_3RU\NLR\auth\66679202
686 _aЭ38-21
702 1 _4730
_7ca
_8rus
_aКулиев
_bЭ. Р. оглы
_f1975-
_gЭльмир Рафаэль оглы
_929524
_3RU\NLR\auth\7746589
702 1 _4210
_7ca
_8rus
_aСаади
_bА. ар- Р. ибн Н. ас
_f1889-1957
_gАбд ар-Рахман ибн Насир ас
_9119387
_3RU\NLR\auth\779563
801 0 _aRU
_bNLR
_c20000223
_gPSBO
801 1 _aRU
_bNLR
_c20000223
852 _aNLR
_bОЛСАА-араб
_j3-5018
942 _cBOOK
980 _aNB
980 1 _aARAB